Architecture from prehistory to postmodernity / (Record no. 5007)

MARC details
000 -LEADER
fixed length control field 00658nam a2200193 ar4500
001 - CONTROL NUMBER
control field 5009
005 - DATE AND TIME OF LATEST TRANSACTION
control field 20221127091056.0
008 - FIXED-LENGTH DATA ELEMENTS--GENERAL INFORMATION
fixed length control field 190710s xxua 00110|eng d
020 ## - INTERNATIONAL STANDARD BOOK NUMBER
International Standard Book Number 0131830651(hpb) :
Terms of availability SR640.00
082 04 - DEWEY DECIMAL CLASSIFICATION NUMBER
Classification number 720.9
Item number T673 2003
100 1# - MAIN ENTRY--PERSONAL NAME
Personal name Trachtenberg, Marvin.
245 10 - TITLE STATEMENT
Title Architecture from prehistory to postmodernity /
Statement of responsibility, etc. M. Trachtenberg, I. Hyman.
250 ## - EDITION STATEMENT
Edition statement 2nd edition.
260 ## - PUBLICATION, DISTRIBUTION, ETC.
Place of publication, distribution, etc. Upper Saddle River, NJ :
Name of publisher, distributor, etc. Prentice-Hall,
Date of publication, distribution, etc. 2003.
300 ## - PHYSICAL DESCRIPTION
Extent x, 480 pages :
Other physical details illustrations(some color) ;
Dimensions 29 cm.
504 ## - BIBLIOGRAPHY, ETC. NOTE
Bibliography, etc. note Includes bibl. references and index.
650 #4 - SUBJECT ADDED ENTRY--TOPICAL TERM
Topical term or geographic name entry element Architecture
General subdivision History.
700 0# - ADDED ENTRY--PERSONAL NAME
Personal name Hyman, Isabelle,
Relator term jt. author.
Holdings
Withdrawn status Lost status Source of classification or shelving scheme Damaged status Not for loan Home library Current library Date acquired Total Checkouts Full call number Barcode Date last seen Copy number Price effective from Koha item type
          CENTRAL CENTRAL 11/27/2022   720.9 T673 2003 1000000014954 11/27/2022 C1 11/27/2022 Book